000 00535nam a2200181Ia 4500
005 20250317131448.0
008 008 250317s9999 xx 000 0 eng d
037 _aTextbook
040 _aFMSL
_beng
_cFMSL
041 _aeng
_2eng
084 _aS4(X:8) L1
_qFMSL
100 _aGilmer B V H
245 0 _aIndustrial and organizational psychology
260 _aNew Delhi
_bNew Delhi, McGraw Hill Kogakusha
_c1971
300 _a681p
942 _cTB
_hS4(X:8) L1
999 _c1268216
_d1268216